[Event "AUTO-ADV-3717"]
[Site "http://www.queenalice.com/game.php?id=1445580"]
[Date "2016.10.13"]
[Round "1"]
[White "Jackzapo"]
[Black "Aadii"]
[Result "0-1"]
[WhiteElo "1786"]
[BlackElo "1852"]

1. d4 Nf6 2. c4 e5 3. e3 exd4 4. Qxd4 Bb4+ 5. Nc3 Nc6 6. Qd1 Bxc3+ 7. bxc3 O-O
8. Nf3 d5 9. Be2 Be6 10. cxd5 Nxd5 11. Bb2 Qe7 12. O-O Rad8 13. Qc2 f5 14. Rfe1
Nf6 15. a4 Ne4 16. Bb5 Nb8 17. Bd3 Qd7 18. Red1 Qc6 19. Ne5 Qd5 20. c4 Qa5 21.
Bxe4 Rxd1+ 22. Qxd1 fxe4 23. Qd4 c5 24. Qd6 Qb6 25. Rd1 Qxd6 26. Rxd6 Bf7 27.
Nxf7 Rxf7 28. a5 Rd7 29. Rd5 g6 30. h3 Rxd5 31. cxd5 Kf7 32. Be5 Nd7 33. Bf4 b6
34. axb6 axb6 35. Kf1 c4 36. Ke1 c3 37. Kd1 b5 38. Kc2 b4 39. f3 Nf6 40. fxe4
Nxe4 41. g3 Kf6 42. g4 g5 43. Bc7 Nf2 44. d6 Ke6 45. Bb8 Nxh3 46. e4 Nf2 47. e5
Nxg4 48. Ba7 Nxe5 49. Bd4 Kxd6 0-1

[Event "AUTO-ADV-3717"]
[Site "http://www.queenalice.com/game.php?id=1445581"]
[Date "2016.10.13"]
[Round "1"]
[White "Aadii"]
[Black "Jackzapo"]
[Result "1-0"]
[WhiteElo "1822"]
[BlackElo "1903"]

1. d4 d5 2. c4 Nf6 3. Nc3 e6 4. Bf4 c6 5. e3 b6 6. cxd5 cxd5 7. Bb5+ Bd7 8. Qa4
Be7 9. Nf3 O-O 10. O-O Bxb5 11. Qxb5 Nbd7 12. Rac1 a6 13. Qd3 b5 14. a4 b4 15.
Ne2 a5 16. Rc2 Nb6 17. b3 Rc8 18. Rxc8 Qxc8 19. Rc1 Qa8 20. Bc7 Qa7 21. Rc6 Nfd7
22. Ne5 Bf6 23. Qb5 Bxe5 24. dxe5 Rc8 25. Bxb6 Nxb6 26. Rxc8+ 1-0

[Event "AUTO-ADV-3717"]
[Site "http://www.queenalice.com/game.php?id=1445590"]
[Date "2016.10.13"]
[Round "1"]
[White "brunokmt"]
[Black "Aadii"]
[Result "0-1"]
[WhiteElo "1451"]
[BlackElo "1874"]

1. e4 f5 2. exf5 Nf6 3. d4 d6 4. Qd3 Nc6 5. c4 Qd7 6. d5 Ne5 7. Qc2 Qxf5 8. Qxf5
Bxf5 9. Bf4 Ng6 10. g3 Nxf4 11. gxf4 e6 12. dxe6 Bxe6 13. Bd3 d5 0-1

[Event "AUTO-ADV-3717"]
[Site "http://www.queenalice.com/game.php?id=1445591"]
[Date "2016.10.13"]
[Round "1"]
[White "Aadii"]
[Black "brunokmt"]
[Result "1-0"]
[WhiteElo "1876"]
[BlackElo "1451"]

1. d4 d5 2. c4 c6 3. Nc3 dxc4 4. e3 Be6 5. a4 Nf6 6. Nf3 b5 7. axb5 cxb5 8. Nxb5
Qb6 9. Nc3 Qb4 10. Be2 Ne4 11. Qc2 Bf5 12. Ra4 Qb3 13. Qxb3 cxb3 14. Bb5+ 1-0

[Event "Challenge"]
[Site "http://www.queenalice.com/game.php?id=1446677"]
[Date "2016.10.20"]
[Round "-"]
[White "ulisses67"]
[Black "Aadii"]
[Result "0-1"]
[WhiteElo "1533"]
[BlackElo "1839"]

1. e4 c5 2. Qh5 Nf6 3. Qf3 Nc6 4. Nc3 e6 5. Na4 d5 6. Nxc5 Bxc5 7. Bb5 dxe4 8.
Qc3 Qe7 9. a3 O-O 10. b4 Bd4 11. Qb3 Bxa1 12. c3 Ne5 13. Qa2 a6 14. Be2 Bxc3 15.
dxc3 b5 16. Be3 Rd8 17. Bc5 Qd7 18. Qb1 Qd2+ 19. Kf1 Qxc3 20. Be3 Qxa3 21. h3
Bb7 22. Bd1 Nc4 23. Bf4 Nd5 24. Bc1 Qc3 25. Ne2 Nd2+ 26. Bxd2 Qxd2 27. g3 e3 28.
f3 Nc3 29. Nxc3 Qf2# 0-1

[Event "AUTO-ADV-3722"]
[Site "http://www.queenalice.com/game.php?id=1447183"]
[Date "2016.11.1"]
[Round "1"]
[White "Jackzapo"]
[Black "Aadii"]
[Result "0-1"]
[WhiteElo "1783"]
[BlackElo "1910"]

1. e4 c5 2. Nf3 e6 3. d4 Nf6 4. e5 Nd5 5. c4 Nb6 6. b3 Nc6 7. Bf4 cxd4 8. Nxd4
Bb4+ 9. Bd2 Bxd2+ 10. Qxd2 Nxe5 11. Be2 Ng6 12. Nc3 O-O 13. O-O d5 14. cxd5 Nxd5
15. Nxd5 Qxd5 16. Bf3 Qd7 17. Qe3 e5 18. Ne2 Rb8 19. Rac1 b6 20. Rfd1 Qb5 21.
Nc3 Qa5 22. Rc2 Be6 23. Rdc1 Rbc8 24. Be4 f5 25. Bf3 f4 26. Qe1 Bf5 27. Rb2 Rfe8
28. Be4 Bxe4 29. Nxe4 Rxc1 30. Qxc1 Qb4 31. f3 Nh4 32. Rc2 Nf5 33. Rc7 Qa5 34.
a3 Nd4 35. Kh1 Nxb3 36. Qd1 Nd4 37. h3 b5 38. h4 Qxc7 0-1

[Event "AUTO-ADV-3722"]
[Site "http://www.queenalice.com/game.php?id=1447184"]
[Date "2016.11.1"]
[Round "1"]
[White "Aadii"]
[Black "Jackzapo"]
[Result "1-0"]
[WhiteElo "1877"]
[BlackElo "1832"]

1. d4 Nf6 2. c4 g6 3. Nc3 Bg7 4. e4 d6 5. f4 O-O 6. Nf3 Nbd7 7. Be2 c6 8. O-O
Qc7 9. b4 b6 10. a3 a6 11. Bb2 Re8 12. Rb1 Ng4 13. Qd2 e5 14. d5 exf4 15. Qxf4
Ngf6 16. dxc6 Qxc6 17. Nd5 Nxd5 18. exd5 Qc7 19. Bxg7 Kxg7 20. Ng5 f6 21. Ne6+
Rxe6 22. dxe6 Ne5 23. Qxf6+ Kg8 24. Qf8# 1-0

[Event "AUTO-ADV-3722"]
[Site "http://www.queenalice.com/game.php?id=1447199"]
[Date "2016.11.1"]
[Round "1"]
[White "Aadii"]
[Black "tewald"]
[Result "1-0"]
[WhiteElo "1843"]
[BlackElo "2008"]

1. d4 Nf6 2. c4 c5 3. e3 cxd4 4. exd4 b5 5. cxb5 a6 6. Nf3 axb5 7. Bxb5 Qa5+ 8.
Nc3 e6 9. O-O Bb4 10. Qd3 Bb7 11. Bc4 Bxc3 12. bxc3 Qc7 13. Bb3 Bd5 14. c4 Be4
15. Qe2 O-O 16. Bg5 Bxf3 17. Qxf3 Ne8 18. Qxa8 1-0

[Event "AUTO-ADV-3722"]
[Site "http://www.queenalice.com/game.php?id=1447200"]
[Date "2016.11.1"]
[Round "1"]
[White "tewald"]
[Black "Aadii"]
[Result "1-0"]
[WhiteElo "1989"]
[BlackElo "1884"]

1. d4 Nf6 2. Nf3 e6 3. Bf4 c5 4. e3 Nc6 5. Nc3 d5 6. Nb5 Qa5+ 7. Nc3 c4 8. Be2
b5 9. a3 a6 10. h3 Qd8 11. Ne5 Nxe5 12. dxe5 Nd7 13. g4 g5 14. Bg3 Bg7 15. Qd4
Qc7 16. f4 f6 17. exf6 Bxf6 18. Qd2 Bb7 19. Rh2 O-O-O 20. O-O-O Nc5 21. Bf3 d4
22. Bxb7+ Nxb7 23. exd4 Bxd4 24. Rg2 Bxc3 25. Qxc3 Rxd1+ 26. Kxd1 Rd8+ 27. Ke1
Qc6 28. Rf2 Qh1+ 29. Rf1 Qe4+ 30. Kf2 gxf4 31. Bh4 Rf8 32. Re1 Qd5 33. Be7 Re8
34. Bf6 Nc5 35. Qe5 Qxe5 36. Bxe5 Kd7 37. Bxf4 Na4 38. b3 cxb3 39. cxb3 Nc5 40.
Re3 Rf8 41. Kg3 Kc6 42. b4 Na4 43. Rxe6+ Kd5 44. Rxa6 Nc3 45. Bh6 Ne4+ 46. Kh4
Rf3 47. Ra7 Nf2 48. Rxh7 Rxh3+ 49. Kg5 Rg3 50. Kf4 Rxa3 51. g5 Nd3+ 52. Kf5 Nxb4
53. g6 Rf3+ 54. Kg4 Rf1 55. g7 Rg1+ 56. Kf5 Rf1+ 57. Kg6 Rg1+ 58. Bg5 Kd4 59.
g8=Q 1-0

[Event "AUTO-ADV-3722"]
[Site "http://www.queenalice.com/game.php?id=1447201"]
[Date "2016.11.1"]
[Round "1"]
[White "Aadii"]
[Black "traub"]
[Result "0-1"]
[WhiteElo "1872"]
[BlackElo "1776"]

1. d4 f5 2. Nc3 Nf6 3. Bg5 Ne4 4. Nxe4 fxe4 5. c4 d6 6. Qc2 Bf5 7. g3 h6 8. Bd2
g5 9. Bg2 d5 10. cxd5 Qxd5 11. Qxc7 Na6 12. Qc2 Rc8 13. Qd1 Qxd4 14. Rc1 Rd8 15.
e3 Qxb2 16. Rb1 Qxa2 17. Rxb7 Nc5 18. Rb1 Bg7 19. Ne2 Rxd2 20. Rb8+ Kf7 0-1

[Event "AUTO-ADV-3722"]
[Site "http://www.queenalice.com/game.php?id=1447202"]
[Date "2016.11.1"]
[Round "1"]
[White "traub"]
[Black "Aadii"]
[Result "0-1"]
[WhiteElo "1770"]
[BlackElo "1865"]

1. Nf3 d5 2. d4 c5 3. dxc5 e6 4. e3 Nc6 5. Bb5 Bxc5 6. c4 Nf6 7. Ne5 Qc7 8. Qa4
Bd7 9. Nxd7 Qxd7 10. Nc3 O-O 11. a3 a6 12. Bxc6 bxc6 13. b4 Ba7 14. c5 Bb8 15.
O-O a5 16. b5 cxb5 17. Qxb5 Qxb5 18. Nxb5 Be5 19. Rb1 Rfc8 20. f4 Bb8 21. h3
Rxc5 22. a4 Rc4 23. Ra1 Ne4 24. g4 Ra6 25. Bb2 Nd2 26. Rfd1 Nb3 27. Bc3 Rb6 28.
Rab1 Nc5 29. Bxa5 Rb7 30. Nd6 Rxb1 31. Rxb1 Bxd6 32. Bc7 Bxc7 33. a5 g6 0-1

[Event "OS INCLIVES"]
[Site "http://www.queenalice.com/game.php?id=1455715"]
[Date "2016.12.20"]
[Round "-"]
[White "adelio"]
[Black "Aadii"]
[Result "0-1"]
[WhiteElo "1721"]
[BlackElo "1901"]

1. d4 Nf6 2. c4 e5 3. dxe5 Ng4 4. Qd4 d6 5. Nf3 Nc6 6. Qe4 Ngxe5 7. Ng5 Be7 8.
h4 f5 9. Qd5 Nb4 10. Qb5+ Nbc6 11. Bf4 a6 12. Qa4 Bd7 13. Qd1 Nxc4 14. e4 Nxb2
15. Qc2 Bf6 16. exf5 O-O 17. Qb3+ Kh8 18. Nf7+ Rxf7 19. Qxf7 Qe8+ 20. Qxe8+
Rxe8+ 21. Kd2 Na4 22. Bd3 Bxa1 23. Na3 Bc3+ 24. Kc2 Nd4+ 25. Kb1 Bxf5 26. Rd1
Bxd3+ 27. Rxd3 Re1+ 28. Bc1 Bb2 29. Rxd4 Rxc1# 0-1

[Event "OS INCLIVES"]
[Site "http://www.queenalice.com/game.php?id=1455716"]
[Date "2016.12.20"]
[Round "-"]
[White "Aadii"]
[Black "adelio"]
[Result "1-0"]
[WhiteElo "1891"]
[BlackElo "1731"]

1. e4 a6 2. d4 c5 3. c3 b5 4. Nf3 e6 5. Be2 Be7 6. O-O h5 7. d5 h4 8. d6 Bf8 9.
e5 Ra7 10. Be3 Qb6 11. b4 Qd8 12. Bxc5 Rb7 13. a4 Nh6 14. axb5 Nf5 15. bxa6 Ng3
16. fxg3 hxg3 17. axb7 Bxb7 18. hxg3 Nc6 19. b5 Nxe5 20. Nxe5 Rh6 21. Nxf7 Qc8
22. Bb6 Be4 23. Nxh6 Bg6 24. Bh5 Qc5+ 25. Bxc5 Kd8 26. Rxf8+ Be8 27. Rxe8# 1-0

[Event "AUTO-ADV-3717"]
[Site "http://www.queenalice.com/game.php?id=1479424"]
[Date "2017.5.23"]
[Round "2"]
[White "Aadii"]
[Black "Cautor"]
[Result "1-0"]
[WhiteElo "1931"]
[BlackElo "1863"]

1. d4 d5 2. c4 Nf6 3. Nc3 Nc6 4. cxd5 Nxd5 5. e4 Nb6 6. Bf4 Nxd4 7. Nge2 e5 8.
Bxe5 Nc6 9. Qxd8+ Nxd8 10. Bxc7 Bd7 11. Bxb6 axb6 12. a3 Bc5 13. Nd5 O-O 14.
Nec3 Re8 15. Nc7 Rxe4+ 16. Nxe4 Ra4 17. Nc3 Bb4 18. Bb5 Bxc3+ 19. bxc3 1-0

[Event "AUTO-ADV-3717"]
[Site "http://www.queenalice.com/game.php?id=1479425"]
[Date "2017.5.23"]
[Round "2"]
[White "Cautor"]
[Black "Aadii"]
[Result "0-1"]
[WhiteElo "1877"]
[BlackElo "1917"]

1. e4 c5 2. Nf3 Nc6 3. b3 e6 4. Bb2 d5 5. exd5 exd5 6. d4 Nf6 7. Bd3 Be7 8. dxc5
O-O 9. O-O Bxc5 10. Ne5 Re8 11. Re1 Be6 12. Bb5 Bxf2+ 13. Kxf2 Qb6+ 14. Re3 Nxe5
15. Bd4 Neg4+ 16. Kg3 Qc7+ 0-1

[Event "AUTO-ADV-3717"]
[Site "http://www.queenalice.com/game.php?id=1479426"]
[Date "2017.5.23"]
[Round "2"]
[White "Aadii"]
[Black "Edson_Vieira"]
[Result "0-1"]
[WhiteElo "1921"]
[BlackElo "2364"]

1. d4 Nf6 2. c4 g6 3. Nc3 Bg7 4. Nf3 d5 5. Bf4 O-O 6. h3 dxc4 7. e3 Be6 8. Qa4
c6 9. Qb4 b5 10. a4 Na6 11. Qa3 b4 12. Qa2 bxc3 13. bxc3 Nd5 14. Qxc4 Qa5 15.
Qxc6 Rac8 0-1

[Event "AUTO-ADV-3717"]
[Site "http://www.queenalice.com/game.php?id=1479427"]
[Date "2017.5.23"]
[Round "2"]
[White "Edson_Vieira"]
[Black "Aadii"]
[Result "1-0"]
[WhiteElo "2365"]
[BlackElo "1919"]

1. f4 Nf6 2. Nf3 d5 3. e3 Bg4 4. c4 Nc6 5. cxd5 Nxd5 6. Bb5 Qd6 7. O-O O-O-O 8.
Nc3 e5 9. Bxc6 Qxc6 10. Nxe5 Nxe3 11. Nxc6 Nxd1 12. Nxd8 Nxc3 13. Nxf7 Ne2+ 14.
Kh1 Rg8 15. Ne5 Bf5 16. d3 Bd6 17. Be3 Bxe5 18. fxe5 Bxd3 19. Rf7 g6 20. Rd1 Ba6
21. Rdd7 h6 22. Rxc7+ Kd8 23. e6 g5 24. Rfd7+ 1-0

[Event "AUTO-ADV-3722"]
[Site "http://www.queenalice.com/game.php?id=1487631"]
[Date "2017.7.27"]
[Round "2"]
[White "Equiferus"]
[Black "Aadii"]
[Result "0-1"]
[WhiteElo "1882"]
[BlackElo "1988"]

1. e4 c5 2. Nf3 Nc6 3. g3 e5 4. Bg2 Nf6 5. d3 d5 6. exd5 Nxd5 7. O-O Bg4 8. h3
Be6 9. Re1 Bd6 10. c4 Nf6 11. Nc3 a6 12. a3 Qd7 13. Kh2 h6 14. b3 O-O 15. Bb2
Bf5 16. Qd2 Nd4 17. Nxd4 exd4 18. Ne4 Nxe4 19. Bxe4 Bxh3 20. Bg2 Bxg2 21. Kxg2
Rae8 22. f4 Qg4 23. Kf2 h5 24. Rh1 Re3 25. Qxe3 dxe3+ 26. Kxe3 Qxg3+ 27. Ke2
Re8+ 28. Kd2 Bxf4+ 29. Kc2 Qg2+ 0-1

[Event "AUTO-ADV-3722"]
[Site "http://www.queenalice.com/game.php?id=1487632"]
[Date "2017.7.27"]
[Round "2"]
[White "Aadii"]
[Black "Equiferus"]
[Result "1-0"]
[WhiteElo "1999"]
[BlackElo "1855"]

1. d4 f5 2. c4 g6 3. Nc3 Nf6 4. Bg5 Bg7 5. Nf3 O-O 6. Qd2 Re8 7. Bh6 Bh8 8. Qg5
d6 9. h4 Nh5 10. e4 e6 11. Qd2 Nd7 12. Be2 Nf8 13. Ng5 Nf6 14. h5 e5 15. hxg6
Nxg6 16. d5 f4 17. O-O-O Ng4 18. Bxg4 Bxg4 19. f3 Bd7 20. Nxh7 Bg7 21. Bxg7 Kxg7
22. Rh5 Rh8 23. Rdh1 Qg8 24. g3 Rxh7 25. Rxh7+ Qxh7 26. Rxh7+ Kxh7 27. Qh2+ Kg7
28. gxf4 Nxf4 29. Ne2 Ng6 30. f4 exf4 31. Nxf4 Rh8 32. Qg3 Be8 33. Ne6+ Kf6 34.
Nxc7 Bf7 35. Qxd6+ Kg7 36. e5 Nf8 37. e6 Rh6 38. Qe5+ 1-0

[Event "AUTO-ADV-3722"]
[Site "http://www.queenalice.com/game.php?id=1487637"]
[Date "2017.7.27"]
[Round "2"]
[White "Aadii"]
[Black "vindaloo"]
[Result "1-0"]
[WhiteElo "1944"]
[BlackElo "2007"]

1. d4 d5 2. c4 c6 3. cxd5 cxd5 4. Nc3 e6 5. Bf4 Nc6 6. e3 Bb4 7. Bb5 Qa5 8.
Bxc6+ bxc6 9. Qc2 Nf6 10. Ne2 Ne4 11. O-O c5 12. Nxe4 dxe4 13. Qxe4 Rb8 14. Bxb8
1-0

[Event "AUTO-ADV-3722"]
[Site "http://www.queenalice.com/game.php?id=1487638"]
[Date "2017.7.27"]
[Round "2"]
[White "vindaloo"]
[Black "Aadii"]
[Result "1/2-1/2"]
[WhiteElo "1968"]
[BlackElo "2000"]

1. e4 c5 2. c4 Nc6 3. Nc3 e5 4. Nf3 Nf6 5. g3 Nd4 6. Bg2 d6 7. d3 h6 8. Nxd4
cxd4 9. Ne2 b5 10. b3 bxc4 11. bxc4 Bd7 12. O-O Be7 13. a4 Rb8 14. a5 O-O 15. f4
Bg4 16. Qc2 Qc7 17. fxe5 dxe5 18. h3 Be6 19. g4 Rb7 20. Ba3 Rfb8 21. Bxe7 Qxe7
22. Rfb1 Rxb1+ 23. Rxb1 Rxb1+ 24. Qxb1 Qa3 25. Bf3 Bxc4 26. Qb8+ Kh7 27. Qxe5
Qxd3 28. Nxd4 Qb1+ 29. Kh2 Bd3 30. Qf5+ Kh8 31. Qc8+ Ng8 32. Nf5 Qb2+ 33. Kg3
Qe5+ 34. Kg2 Bxe4 35. Bxe4 Qxe4+ 36. Kg3 Kh7 37. Qc3 Nf6 38. Nd6 Qe6 39. Qd3+ g6
40. Kf3 Nd5 41. Ne4 f5 42. Nf2 fxg4+ 43. hxg4 Qf6+ 44. Kg3 Qd6+ 45. Kf3 Qf4+ 46.
Ke2 Qe5+ 47. Kf3 Qf6+ 1/2-1/2

[Event "AUTO-ADV-3722"]
[Site "http://www.queenalice.com/game.php?id=1487639"]
[Date "2017.7.27"]
[Round "2"]
[White "Aadii"]
[Black "Kkaio77"]
[Result "1-0"]
[WhiteElo "2009"]
[BlackElo "1796"]

1. d4 Nf6 2. c4 e6 3. Nc3 Bb4 4. Bg5 O-O 5. e3 c6 6. Bd3 Qa5 7. Bxf6 Bxc3+ 8.
bxc3 Qxc3+ 9. Kf1 gxf6 10. Ne2 Qa3 11. Qc2 f5 12. g4 Qe7 13. gxf5 exf5 14. Rg1+
Kh8 15. Bxf5 f6 16. Nf4 Rg8 17. Ke2 Na6 18. Nh5 d6 19. Rxg8+ Kxg8 20. Bxh7+ 1-0

[Event "AUTO-ADV-3722"]
[Site "http://www.queenalice.com/game.php?id=1487640"]
[Date "2017.7.27"]
[Round "2"]
[White "Kkaio77"]
[Black "Aadii"]
[Result "0-1"]
[WhiteElo "1789"]
[BlackElo "2016"]

1. c4 e5 2. Nc3 Nf6 3. g3 Nc6 4. Bg2 Bc5 5. e3 O-O 6. Nf3 d5 7. cxd5 Nxd5 8.
Nxd5 Qxd5 9. O-O Bg4 10. Qc2 Bxf3 11. Bxf3 Qxf3 12. Qxc5 h5 13. Qc4 e4 14. d3
Rfe8 15. b3 h4 16. h3 hxg3 17. fxg3 Qxg3+ 18. Kh1 Qxh3+ 19. Kg1 Re6 20. Rf4 Rg6+
0-1

[Event "Challenge"]
[Site "http://www.queenalice.com/game.php?id=1488679"]
[Date "2017.8.3"]
[Round "-"]
[White "MADMIKE"]
[Black "Aadii"]
[Result "0-1"]
[WhiteElo "1888"]
[BlackElo "1976"]

1. d4 Nf6 2. d5 c6 3. dxc6 Nxc6 4. e3 e6 5. a3 Bc5 6. Nf3 Qb6 7. Nc3 O-O 8. Bd3
d5 9. O-O e5 10. Be2 e4 11. Nd2 Be6 12. Nb3 Bd6 13. Bd2 a6 14. Na4 Qc7 15. f4
exf3 16. Bxf3 Ne5 17. Nd4 Nxf3+ 18. Nxf3 Ne4 19. Nd4 Bxh2+ 20. Kh1 Qg3 21. Qe2
Qh4 22. Rf3 Bg3+ 23. Kg1 Qh2+ 0-1

[Event "Challenge"]
[Site "http://www.queenalice.com/game.php?id=1488680"]
[Date "2017.8.3"]
[Round "-"]
[White "Aadii"]
[Black "MADMIKE"]
[Result "1-0"]
[WhiteElo "1963"]
[BlackElo "1891"]

1. d4 d5 2. c4 e6 3. Nc3 h6 4. Bf4 a6 5. e3 Nf6 6. Nf3 Nc6 7. Qb3 dxc4 8. Bxc4
Be7 9. d5 exd5 10. Bxd5 Nxd5 11. Nxd5 Be6 12. Nxc7+ Kf8 13. Nxe6+ fxe6 14. Qxe6
Bb4+ 15. Ke2 Ne7 16. Rhd1 Qa5 17. Kf1 Qb5+ 18. Kg1 Re8 19. Ne5 1-0